MDQL
is popping MORE tags! Check the
thread
!
Quizzes
Events
Quiz Creation
Community
Videos
Private Events
Remove Ads
Sign In
Join for FREE
Feedback
Dark Mode
Quiz Categories
Sports
Geography
Music
Movies
Television
Just For Fun
Miscellaneous
History
Literature
Language
Science
Gaming
Entertainment
Religion
Holiday
For Kids
Quiz Lab
Recent
Popular Today
Quiz Kudos Today
Editor Picks
Curator Picks
Quizzes by...
Day
Popularity
Type
Ratings
Length
Year
Community
Subscriptions
Recent Discussions
Orange Saloon
Badges
Playlists
Quests
Create
Leaderboards
Showdown
Live 5
Trivia Bingo
Activity
Puzzle Library
Sporcle Events
Private Events
Virtual Trivia
Globe League
Become a Host
Pub Owners
SporcleCon
Opinionation
Our Games
Videos
Blog
Mobile Apps
Partnerships
Remove Ads and Go Orange
Feedback
Music
Pop Music
The Beatles
Song
Album
Lyrics
Bands
Singers
Artist
Clip
Rock
Rap
Classical
Billboard
Country Music
Kpop
Taylor Swift
Music
Pop Music
The Beatles
Song
Album
Lyrics
Bands
Singers
Artist
Clip
Rock
Rap
Classical
Billboard
Country Music
Kpop
Taylor Swift
Random Quiz
Search Sporcle
×
Quiz Lab
Quiz Lab
Music
Lyrics
Type in answers that appear in a list
Type in answers that appear in a list
Classic
Best Score? Go Orange.
Daft Punk - Giorgio by Moroder Stats
Complete Giorgio's monologue.
By
gloda
10m
299 Questions
120 Plays
120 Plays
120 Plays
Comments
Comments
Give Quiz Kudos
Give Quiz Kudos
-
- Ratings
hide this ad
More Info
Replay
Link that replays current quiz
Next Quiz
Link to next quiz in quiz playlist
You Got
0%
They Got
Avg Score
55%
Avg Friend Score
Upgrade to see
Score Distribution
Jump to the score distribution portion of the page
Score
0/299
Timer
10:00
0
Plays Today
Answer
% Correct
go
100%
When I was 15, 16,
100%
I
84.2%
the
84.2%
I
84.2%
a
84.2%
the
84.2%
I
84.2%
I
84.2%
a
84.2%
I
84.2%
And
84.2%
I
84.2%
and
84.2%
a
84.2%
I
84.2%
I
84.2%
a
84.2%
a
84.2%
I
84.2%
and
84.2%
I
84.2%
a
84.2%
and
84.2%
I
84.2%
I
84.2%
I
84.2%
the
84.2%
I
84.2%
and
84.2%
the
84.2%
I
84.2%
the
84.2%
the
84.2%
the
84.2%
the
84.2%
the
84.2%
and
84.2%
a
84.2%
the
84.2%
And
84.2%
I
84.2%
a
84.2%
I
84.2%
the
84.2%
I
84.2%
the
84.2%
the
84.2%
the
84.2%
And
84.2%
I
84.2%
I
84.2%
I
84.2%
a
84.2%
a
84.2%
the
84.2%
the
84.2%
I
84.2%
a
84.2%
the
84.2%
I
84.2%
the
84.2%
a
84.2%
and
84.2%
and
84.2%
to
78.3%
to
78.3%
to
78.3%
to
78.3%
to
78.3%
to
78.3%
to
78.3%
to
78.3%
to
78.3%
to
78.3%
to
78.3%
play
71.7%
play
71.7%
music -
69.2%
music
69.2%
music.
69.2%
car,
69.2%
car
69.2%
music
69.2%
so
68.3%
So,
68.3%
want
68.3%
so
68.3%
want.
68.3%
So,
68.3%
guitar
67.5%
be
66.7%
be.
66.7%
when
65%
was
65%
was
65%
was
65%
was
65%
when
65%
was
65%
Answer
% Correct
was
65%
wanted
64.2%
wanted
64.2%
wanted
64.2%
of
63.3%
of
63.3%
of
63.3%
of
63.3%
of
63.3%
future.
63.3%
of
63.3%
of
63.3%
future
63.3%
of
63.3%
of
63.3%
in
62.5%
in
62.5%
in
62.5%
in
62.5%
in
62.5%
future?'
62.5%
an
60.8%
sound
60.8%
sound
60.8%
sound
60.8%
sound
60.8%
sound
60.8%
synthesizer -
60%
synthesizer,
60%
do
59.2%
do
59.2%
do,
59.2%
do
59.2%
do,
59.2%
do.
59.2%
really
58.3%
really
58.3%
sleep
58.3%
started
57.5%
musician.
56.7%
musician,
56.7%
my
56.7%
My
56.7%
But
55.8%
me
55.8%
but
55.8%
but
55.8%
but
55.8%
me
55.8%
me
55.8%
is
55%
is
55%
is
55%
Germany,
54.2%
we
54.2%
click
53.3%
click
53.3%
on
53.3%
‘60s,
52.5%
no
52.5%
Giorgio,
50%
Giorgio.
50%
would
49.2%
would
49.2%
would
49.2%
would
49.2%
become
48.3%
It
48.3%
‘70s
48.3%
knew
48.3%
knew
48.3%
it
48.3%
track
47.5%
didn't
45.8%
didn't
45.8%
didn't
45.8%
didn't
45.8%
that
45%
'70
45%
seven,
45%
that
45%
‘50s,
45%
that
45%
big.
44.2%
school
44.2%
drive
44.2%
then
44.2%
then
44.2%
dream
43.3%
had
43.3%
had
43.3%
24
43.3%
everybody
43.3%
Giovanni
42.5%
calls
42.5%
name
41.7%
you
41.7%
you
41.7%
you
41.7%
little
40.8%
Answer
% Correct
town;
40.8%
little
40.8%
discotheque
40.8%
about
40.8%
songs.
40.8%
about
40.8%
use
40.8%
about
40.8%
may
40%
have
40%
have
40%
have
40%
because
39.2%
because
39.2%
Because
39.2%
not
39.2%
eight
39.2%
because
39.2%
know
39.2%
free
39.2%
any
38.3%
all
38.3%
any
38.3%
what
38.3%
what
38.3%
what
38.3%
chance
37.5%
home
37.5%
why
37.5%
mind
37.5%
chance,'
36.7%
put
36.7%
your
36.7%
only
35.8%
two
35.8%
Moog
35.8%
Modular.
35.8%
definitely
35%
living
35%
from
35%
don't
35%
almost
34.2%
impossible
34.2%
At
34.2%
maybe
34.2%
almost
34.2%
needed
34.2%
broke
33.3%
away
33.3%
compose
33.3%
time,
33.3%
sing
33.3%
minutes.
33.3%
for
33.3%
can
33.3%
thought,
32.5%
years
32.5%
could
32.5%
30
31.7%
harmony
31.7%
studying
30%
which
30%
which
30%
bit
29.2%
take
29.2%
think
29.2%
album
29.2%
now
28.3%
they
28.3%
partially
28.3%
helped
28.3%
survive
28.3%
with
28.3%
there
28.3%
'69-
27.7%
see
27.5%
finally
27.5%
beginning.
27.5%
idea
27.5%
concept
27.5%
became
26.7%
'Wait
26.7%
impact
26.7%
'Well,
25.8%
already
25.8%
Once
25.8%
said,
25%
correct,
24.2%
whatever
24.2%
second...
23.3%
being
23.3%
how
22.5%
preconception
21.7%
synched
20.8%
nobody
20.8%
told
20%
discotheques
18.3%
much
17.5%
realise
15.8%
Quiz Playlist
Details
Report
Send in Message
Add To Playlist
More Info:
When I was fifteen, sixteen,...
Classic:
Type in answers that appear in a list
Last Updated: Feb 16, 2017
Quiz Scoreboard
CHALLENGE
Sign Up to Join the Scoreboard
Show All
Scores
Hide
Comments
May contain spoilers
Recently Published
5x2 Blitz: Bands
by SL_Kpop136
Music
30s
Colored Red Africa Blitz
by spor1
Geography
30s
Find the 'City' Movie
by crazypaving
Movies
60s
More to Explore
Quiz From the Vault
Featured Blog Post
14 Easter Pick-up Lines to Find Eggs With
hide this ad
You Might Also Like...
Tags
Lyrics Quiz
Daft Punk
Today's Top Quizzes in Music
Browse Music
hide this ad
Today's Top Quizzes in Lyrics
Browse Lyrics
Top Contributed Quizzes in Music
1
5X2 Blitz: Bands II
2
Taylor Swift All Songs (2024)
3
Taylor Swift Logic Puzzle II
4
5X2 Blitz: The Beatles
5
5X2 Blitz: Billboard
6
Taylor Swift Logic Puzzle
7
5X2 Blitz: Billboard II
8
5X2 Blitz: Album
9
5X2 Blitz: Singers
10
Music Artist by Three 2010s hits
Explore More
Trending Topics
Harry Potter
Disney
Kpop
Anime
Crossword
Marvel
NBA
Country
Soccer
Puzzle
WWE
The Office
Pokémon
NFL
Song
hide this ad
Score Distribution
Quiz Creator Spotlight
gloda
Follow
Send a Message
Quizzes Created
-
Created Quiz Play Count
-
Popular Quizzes Today
1
Colored Red Africa Blitz
2
Find the 'City' Movie
3
Find the US States - No Outlines Minefield
4
5x2 Blitz: Bands
5
The Countries of the World
6
Find the US States
7
US States
8
9x9 Crossword: Cartoon Network
More Music Quizzes
British Bands
Published
Trending Quizzes
Colored Red Europe Blitz I
Colored Red Europe Blitz II
Colored Red Africa Blitz II
Colored Red Europe Blitz III
Colored Red Africa Blitz III
Recently Updated
How Do You Spell That?
pecheneg
Godzilla Movies
pecheneg
Grab Bag: 4-10 Letters
pecheneg
2024 March Madness Bracket
pecheneg
Famous TV Couples
Peacemaker
Champions League XIs: Real Madrid
pecheneg
Largest US Cities 1790-2010
pecheneg
Rides in Walt Disney World
pecheneg
Most Oscar Losses (Acting)
pecheneg
Beyoncé Albums
pecheneg
Trending Topics
Kpop
NBA
Harry Potter
Marvel
Crossword
Disney
Anime
NFL
Country
Puzzle
WWE
Pokémon
Soccer
Song
The Office
Your Account Isn't Verified!
In order to create a playlist on Sporcle, you need to verify the email address you used during registration. Go to your
Sporcle Settings
to finish the process.
Report this User
Report this user for behavior that violates our
Community Guidelines
.
Details:
Send Report
Go to the Sporcle.com Mobile Site →
Comments